LEADER 00747nam0-22002771i-450- 001 990001736420403321 005 20070529150019.0 035 $a000173642 035 $aFED01000173642 035 $a(Aleph)000173642FED01 035 $a000173642 100 $a20030910d1902----km-y0itay50------ba 101 0 $afre 200 1 $a<>industrie des matieres colorantes$fJustin Dupont 210 $aParis$cG.B. Bailliere$d1902 215 $a364 p.$d21 cm 610 0 $aColoranti 676 $a667 700 1$aDupont,$bJustin$075217 801 0$aIT$bUNINA$gRICA$2UNIMARC 901 $aBK 912 $a990001736420403321 952 $a60 667 B 1$b4061$fFAGBC 959 $aFAGBC 996 $aIndustrie des matieres colorantes$9364759 997 $aUNINA LEADER 00768nam0 2200289 450 001 9910513810503321 005 20220111102357.0 010 $a9782940411269 100 $a20121011d2011----km-y0itay50------ba 101 0 $aeng 102 $aCH 105 $aa-------001yy 200 1 $aArchitectural design$fJane Anderson 210 $aLausanne$aWorthing$cAVA Academia$d2011 215 $a183 p.$cill.$d23 cm 225 1 $aBasic architecture$v03 610 0 $aDesign 610 0 $aArchitettura 676 $a720.5$v22 700 1$aAnderson,$bJane$0507748 801 0$aIT$bUNINA$gREICAT$2UNIMARC 901 $aBK 912 $a9910513810503321 952 $aART.FI B 574$b1128/2021$fFARBC 959 $aFARBC 996 $aArchitectural design$92568767 997 $aUNINA LEADER 00970nam0-22003371i-450 001 990007111360403321 005 20230523095703.0 010 $a88-7750-404-8 035 $a000711136 035 $aFED01000711136 035 $a(Aleph)000711136FED01 035 $a000711136 100 $a20020724d2002----km-y0itay50------ba 101 0 $aita 102 $aIT 105 $ay-------yy1yy 200 1 $a<>test di personalità$equantità e qualità$f[saggi di] Bruno Baldaro ... [et al.]$ga cura di Antonella Granieri 210 $aTorino$cUTET$d2002 215 $aXVI, 231 p.$d24 cm 225 1 $aCollana di psicologia 610 0 $aTest psicologici 676 $a155.28$v20$zit 702 1$aBaldaro,$bBruno 702 1$aGranieri,$bAntonella 801 0$aIT$bUNINA$gRICA$2UNIMARC 901 $aBK 912 $a990007111360403321 952 $a150.2224 GRAA 01$bbibl.43002$fFLFBC 959 $aFLFBC 996 $aTest di personalità$9703236 997 $aUNINA